LIBRARY & INFORMATION CENTRE, KCAET, TAVANUR

ONLINE PUBLIC ACCESS CATALOGUE (OPAC)

All India Directory of Engineering Colleges (Record no. 19413)

MARC details
000 -LEADER
fixed length control field 00423nam a22001697a 4500
003 - CONTROL NUMBER IDENTIFIER
control field OSt
008 - FIXED-LENGTH DATA ELEMENTS--GENERAL INFORMATION
fixed length control field 250219b |||||||| |||| 00| 0 eng d
020 ## - INTERNATIONAL STANDARD BOOK NUMBER
ISBN 81-86114-55-6
041 ## - LANGUAGE CODE
Language code of text/sound track or separate title eng
082 ## - DEWEY DECIMAL CLASSIFICATION NUMBER
Classification number 028.7637
Item number ALL
245 ## - TITLE STATEMENT
Title All India Directory of Engineering Colleges
250 ## - EDITION STATEMENT
Edition statement 8th
260 ## - PUBLICATION, DISTRIBUTION, ETC. (IMPRINT)
Place of publication Delhi:
Name of publisher Student Aid Publications,
Year of publication 1999.
300 ## - PHYSICAL DESCRIPTION
Number of Pages 188p.
700 ## - ADDED ENTRY--PERSONAL NAME
Personal name Gian Chand Soni, L
942 ## - ADDED ENTRY ELEMENTS (KOHA)
Koha item type Books
Holdings
Withdrawn status Lost status Damaged status Home library Current library Date acquired Source of acquisition Cost, normal purchase price Full call number Accession Number Koha item type
      KAUAET KAUAET 19/02/2025 Studentd Aid Publications, Delhi 45.00 028.7637 ALL 20232 Books
free website counter